Tridev (Record no. 34554)

MARC details
000 -LEADER
fixed length control field 01928ngm a2200421 4500
003 - CONTROL NUMBER IDENTIFIER
control field dpl
005 - DATE AND TIME OF LATEST TRANSACTION
control field 2010031008148.0
007 - PHYSICAL DESCRIPTION FIXED FIELD--GENERAL INFORMATION
fixed length control field DVD
008 - FIXED-LENGTH DATA ELEMENTS--GENERAL INFORMATION
fixed length control field ||||||sp199 xxu|||||c ||| 00| 0 ng d
010 ## - LIBRARY OF CONGRESS CONTROL NUMBER
LC control number DVD-006272-6275
024 ## - OTHER STANDARD IDENTIFIER
Terms of availability 99.00
035 ## - SYSTEM CONTROL NUMBER
System control number DVD-006272-6275
040 ## - CATALOGING SOURCE
Original cataloging agency DPL
Transcribing agency DPL
082 ## - DEWEY DECIMAL CLASSIFICATION NUMBER
Classification number DVD TRID
245 ## - TITLE STATEMENT
Title Tridev
Statement of responsibility, etc Trimurti Films Presents
Medium [videorecording] DVD/
260 ## - PUBLICATION, DISTRIBUTION, ETC. (IMPRINT)
Name of publisher, distributor, etc Shemaroo Home Entertainment
300 ## - PHYSICAL DESCRIPTION
Extent 1 videodisc VCD;
Other physical details sd., col. ;
Dimensions 4 3/4 in.
Type of unit DVD
440 ## - SERIES STATEMENT/ADDED ENTRY--TITLE
Title Shemaroo Home Entertainment
538 ## - SYSTEM DETAILS NOTE
System details note Dolby Digital 5.1 - Hindi Subtitles: English
538 ## - SYSTEM DETAILS NOTE
System details note NTSC Format-All Regions, 16x9 Anamorphic (2:23.1 Aspect Ratio), Dual Layer
650 ## - SUBJECT ADDED ENTRY--TOPICAL TERM
Topical term or geographic name as entry element Hindi Movie Songs
700 ## - ADDED ENTRY--PERSONAL NAME
Personal name Rai, Gulshan
700 ## - ADDED ENTRY--PERSONAL NAME
Personal name Rai, Rajeev
700 ## - ADDED ENTRY--PERSONAL NAME
Personal name Ananad Ji
700 ## - ADDED ENTRY--PERSONAL NAME
Personal name Kalyan Ji
700 ## - ADDED ENTRY--PERSONAL NAME
Personal name Shroff, Jackie
700 ## - ADDED ENTRY--PERSONAL NAME
Personal name Shah, Naseeruddin
700 ## - ADDED ENTRY--PERSONAL NAME
Personal name Deol, Sunnt
700 ## - ADDED ENTRY--PERSONAL NAME
Personal name Dixit, Madhuri
700 ## - ADDED ENTRY--PERSONAL NAME
Personal name Bijlani, Sangeeta
700 ## - ADDED ENTRY--PERSONAL NAME
Personal name Sonam
942 ## - ADDED ENTRY ELEMENTS (KOHA)
Koha item type CD-ROMs, DVDs, VHS
Source of classification or shelving scheme Dewey Decimal Classification
Classification part DVD
Call number suffix TRID
Holdings
Withdrawn status Lost status Source of classification or shelving scheme Damaged status Not for loan Home library Current library Date acquired Source of acquisition Cost, normal purchase price Total Checkouts Full call number Barcode Date last seen Date checked out Copy number Cost, replacement price Price effective from Koha item type
    Dewey Decimal Classification     Central Library Central Library 10/03/2010 Pioneers/1003/28-11-09/325/13-10-09 /30-11-09 99.00 1 DVD TRID DVD-006272 17/03/2018 07/03/2018 1 99.00 10/03/2010 CD-ROMs, DVDs, VHS
    Dewey Decimal Classification     Patel Nagar Patel Nagar 10/03/2010 Pioneers/1003/28-11-09/325/13-10-09 /30-11-09 99.00 5 DVD TRID DVD-006273 01/08/2011 25/07/2011 1 99.00 10/03/2010 CD-ROMs, DVDs, VHS
    Dewey Decimal Classification     R.K.Puram-8 R.K.Puram-8 10/03/2010 Pioneers/1003/28-11-09/325/13-10-09 /30-11-09 99.00 1 DVD TRID DVD-006275 05/07/2014 27/06/2014 1 99.00 10/03/2010 CD-ROMs, DVDs, VHS
    Dewey Decimal Classification     Sarojini Nagar Sarojini Nagar 10/03/2010 Pioneers/1003/28-11-09/325/13-10-09 /30-11-09 99.00 7 DVD TRID DVD-006274 13/07/2013 06/07/2013 1 99.00 10/03/2010 CD-ROMs, DVDs, VHS

© Delhi Public Library
Hit Counter
free hit counter